| 000 | 00546nam a2200193Ia 4500 | ||
|---|---|---|---|
| 005 | 20250923145916.0 | ||
| 008 | 008 250917s9999 xx 000 0 eng d | ||
| 037 | _aTextual | ||
| 040 |
_aDSWL _beng _cDSWL |
||
| 041 |
_aeng _2eng |
||
| 084 |
_aY:4375.23161'N92, N93 _qDSWL |
||
| 245 | 0 | _aSurat Riots: After the demslition of Masgue Balin | |
| 260 |
_aBombay _b The Author _c1993 |
||
| 300 | _a82p. | ||
| 365 |
_aINR _b37.00 |
||
| 925 | _g37.00 | ||
| 942 |
_cTEXL _hY:4375.23161'N92, N93 |
||
| 999 |
_c1457224 _d1457224 |
||